000 00400nam a2200181Ia 4500
001 19257
005 20260306171731.0
008 260306s9999||||xx |||||||||||||| ||und||
041 _aESP
082 _a658.816
_bF39
100 _aFernández, Arturo Nelsón
_eAUT
245 0 _aPrecio y valor
260 _c2001
300 _a
_c
650 _aGEN
654 _aCAN
942 _cLIB
_dJUS
_fJUS
_2ddc
_n
999 _c19257
_d19257